| 000 | 00515nam a2200205Ia 4500 | ||
|---|---|---|---|
| 008 | 170918s9999 xx 000 0 und d | ||
| 020 | _a9780439206365 | ||
| 050 | _bS529 2001 | ||
| 100 | _aShapiro, Karen | ||
| 245 | _aButterflies / | ||
| 245 | _cKaren Shapiro ; illustrated by Jean Cassels. | ||
| 260 | _aNew York : | ||
| 260 | _bScholastic, | ||
| 260 | _c2001 | ||
| 300 | _a31 pages : | ||
| 300 | _bcolored illustration ; | ||
| 300 | _c23cm. | ||
| 440 | _aScholastic reader level 2. | ||
| 500 | _a190 | ||
| 999 |
_c341451 _d341451 |
||